000 01271nam a2200361 c 4500
001 1998
003 ES-MaCES
005 20180205141719.0
008 940927s1993 gw ||| | fre d
035 _aCES19980020114m
040 _aES-MaCES
_bspa
_cES-MaCES
100 1 _aFrideres-Poos, José
_912428
245 1 0 _aSystèmes et procédures de certification des qualifications au Luxembourg
_cJosé Frideres-Poos, Jean Tagliaferri
250 _a2ème éd
260 _aBerlin
_bCEDEFOP, Centre européen pour le développement de la formation professionnelle
_c1993
300 _aII, 84 p.
_c30 cm
490 1 _aCEDEFOP panorama
500 _aEn la port., además: Mars 1993
541 _cGratuito
650 4 _acalificación profesional
_928319
650 4 _aequivalencia de certificados
_929943
650 4 _anivel educativo
_927448
650 4 _aLuxemburgo
_926954
653 1 0 _aEducación
650 4 _929282
_aevaluación del nivel de formación
650 4 _926767
_acertificado
700 1 _aTagliaferri, Jean
_924648
710 2 _91909
_aCentro Europeo para el Desarrollo de la Formación Profesional
_eed.
830 0 _aCEDEFOP panorama
_932411
902 _aLIB Libro
942 _2CES
_cBK
_h4.0.
999 _c1998
_d1998